000 01508nam a22001457a 4500
999 _c518597
_d518597
008 210930b ||||| |||| 00| 0 eng d
100 _aBhat, Sumit G.M. and Bhat, Mudaser Ahad
_929655
245 _aFinancial inclusion and economic wellbeing of agricultural labourers in rural Haryana, India
260 _aContribution to Indian Social Science
300 _a40(2), Apr, 2021: p.287-304
520 _aFinancial inclusion has a gigantic role in the inclusive and sustainable development of a society. It is a key driver of social inclusion. This study examined the financial inclusion and economic wellbeing status of agricultural labourers. It also analysed the influence of financial inclusion on the economic wellbeing of agricultural labourers. The results show that most of the agricultural labourers were scheduled castes. It showed the dismal status of labourers, financially as well as economically. Non-formal sources of loans among them are still common. Their economic wellbeing status is also in a woeful state. A large portion of the labourers are still trapped in a vicious circle of poverty, unable to handle unexpected expenses and save. The study found that financial inclusion and various sociodemographic variables significantly influence the economic wellbeing of labourers. The inferences of the study advocate more inclusive based schemes at the local level. – Reproduced
773 _aContribution to Indian Social Science
906 _aAGRICULTURAL LABOURERS
942 _cAR